LEADER 03394nam 2200637 a 450 001 9910464542203321 005 20200520144314.0 010 $a1-283-23485-8 010 $a9786613234858 010 $a981-4329-41-X 035 $a(CKB)3400000000017082 035 $a(EBL)840583 035 $a(OCoLC)748215467 035 $a(SSID)ssj0000534047 035 $a(PQKBManifestationID)12270088 035 $a(PQKBTitleCode)TC0000534047 035 $a(PQKBWorkID)10493150 035 $a(PQKB)10639163 035 $a(MiAaPQ)EBC840583 035 $a(WSP)00007991 035 $a(Au-PeEL)EBL840583 035 $a(CaPaEBR)ebr10493534 035 $a(CaONFJC)MIL323485 035 $a(EXLCZ)993400000000017082 100 $a20110725d2011 uy 0 101 0 $aeng 135 $aur|n|---||||| 181 $ctxt 182 $cc 183 $acr 200 00$aApec and the rise of China$b[electronic resource] /$feditors, Lok Sang Ho, Jong Wong 210 $aSingapore ;$aHackensack, N.J. $cWorld Scientific$dc2011 215 $a1 online resource (249 p.) 300 $a"This book is based on papers presented by scholars with expertise in the Asia Pacific region at a conference on "APEC at 20 and the Rise of China" organized by the APEC Centre of Lingnan University on 26-27 February 2010, and includes additional invited papers."--Back cover. 311 $a981-4329-40-1 320 $aIncludes bibliographical references and index. 327 $tAPEC and the rise of China : an introduction /$rLok Sang Ho and John Wong --$tDesigning Asia-Pacific economic cooperation /$rChien-peng Chung --$tRebalancing relations between East Asian and trans-Pacific institutions : evolving regional architectural features /$rZhongying Pang --$tWill China become an engine of growth for the region? /$rYiping Huang --$tChina's economic rise and regional trade /$rRafael Leal-Arcas --$tThe role of China in Asia-Pacific trade framework in the context of APEC /$rEmile Kok-Kheng Yeoh, Im-Soo Yoo and Lionel Wei-Li Liong --$tToward an effective (more or less) monetary union in Asia /$rLok Sang Ho --$tOn the reform of RMB exchange rate : a middle ground solution /$rBin Zhang and Xiuping Hua --$tContinuing the APEC agenda and the evolving regional institutional architecture in the context of an ermerging Asia /$rKhee Giap Tan and Shu Wen Chiang. 330 $aIntra-regional trade has been rising rapidly, especially after China's accession to the WTO in 2001. China's economy is expanding rapidly, and has already passed Japan in 2010 to become the world's second largest economy. It is clearly producing a huge im 606 $aEconomic development$zChina$vCongresses 607 $aAsia$xEconomic integration$vCongresses 607 $aPacific Area$xEconomic integration$vCongresses 607 $aChina$xEconomic conditions$y2000-$vCongresses 608 $aElectronic books. 615 0$aEconomic development 676 $a337.51 701 $aHo$b Lok-sang$0879837 701 $aWong$b John$f1939-$0266769 712 02$aAsia Pacific Economic Cooperation (Organization).$bStudy Center. 712 12$aAPEC at 20 and the Rise of China$f(2010 :$eLingnan University, Hong Kong) 801 0$bMiAaPQ 801 1$bMiAaPQ 801 2$bMiAaPQ 906 $aBOOK 912 $a9910464542203321 996 $aApec and the rise of China$92111857 997 $aUNINA LEADER 01404nam 2200469 450 001 9910794874503321 005 20230803211357.0 010 $a1-78084-370-4 010 $a1-78084-369-0 035 $a(CKB)4330000000072238 035 $a(MiAaPQ)EBC5092487 035 $a(Au-PeEL)EBL5092487 035 $a(CaPaEBR)ebr11451935 035 $a(OCoLC)1006399078 035 $a(EXLCZ)994330000000072238 100 $a20171107h20142014 uy 0 101 0 $aeng 135 $aurcnu|||||||| 181 $2rdacontent 182 $2rdamedia 183 $2rdacarrier 200 00$aStaphylococcus aureus antibiotic resistance /$feditor, Stephanie J. Dancer 210 1$aLondon, England :$cFuture Medicine Ltd,$d2014. 210 4$dİ2014 215 $a1 online resource (144 pages) $cillustrations 225 1 $aClinical Insights,$x2047-332X 311 $a1-78084-371-2 320 $aIncludes bibliographical references. 410 0$aClinical insights. 606 $aStaphylococcus aureus 606 $aStaphylococcus aureus infections 615 0$aStaphylococcus aureus. 615 0$aStaphylococcus aureus infections. 676 $a616.0145 702 $aDancer$b Stephanie J. 801 0$bMiAaPQ 801 1$bMiAaPQ 801 2$bMiAaPQ 906 $aBOOK 912 $a9910794874503321 996 $aStaphylococcus aureus antibiotic resistance$93672914 997 $aUNINA